| 000 | 01427nam a2200241Ia 4500 | ||
|---|---|---|---|
| 005 | 20230616124952.0 | ||
| 008 | 130821s1927 sp fr 1 spa | ||
| 040 |
_aCo-BoUCM _bspa _cSandra Yazo _dSandra Yazo |
||
| 041 | 0 | _aspa | |
| 082 | 0 | 4 |
_a863 _220 |
| 092 | _aE51N060 | ||
| 100 | 1 |
_aPalacio Valdés, Armando _9149892 |
|
| 245 | 1 | 3 |
_aObras completas de D. Armando Palacio Valdés. _bTomo XXIII. La hija de Natalia (Últimos días del Doctor Angélico) |
| 260 |
_aMAdrid (España) _bLibrería de Victoriano Suárez ; Imprenta Helénica _c1927 |
||
| 300 |
_a323 páginas _c20 x 13 cm |
||
| 500 | _aDetalles físicos: Encuadernación rústica: lomo y tapas de papel. Anteportada. Portada impresa en una sola tinta. Texto impreso en una sola columna, con diferentes tipos y tamaños de letra. Notas de pie de página. Índice. Ejemplar desencuadernado. Papel con oxidación de tintas en bordes. Anteportada, desprendida. Hoja 320 hasta última, rasgadas en borde. Portada con sello de tinta, “Librería Colombiana. Camacho Roldán & Compañía. Bogotá”. | ||
| 505 | 2 | _aCuaderno I: mayo y junio ; Cuaderno II: julio y agosto ; Cuaderno III: septiembre y octubre ; Cuaderno IV: Abril a Octubre | |
| 506 | _aConsulta en sala | ||
| 650 | 7 |
_aNovela española _920500 |
|
| 650 | 7 |
_aLiteratura española _97793 _ySiglo XIX y XX |
|
| 690 |
_aLiteratura europea _926524 |
||
| 942 |
_cLIBRO _a21 _e1 _2LOCAL _hE51N060 |
||
| 999 |
_c320300 _d320300 |
||